Countries That Share An Official Language - Statistics

General Stats
  • This quiz has been taken 38 times
  • The average score is 62 of 80
Answer Stats
Question Tile Select % Correct
Portuguese DRC No
100%
Russian Japan No
100%
Chinese Russia No
100%
Italian San Marino Yes
100%
Italian Slovenia No
100%
Italian Somalia No
100%
German Suriname No
100%
Chinese Taiwan Yes
100%
Italian Andorra No
97%
Russian Belarus Yes
97%
German Denmark No
97%
Italian Ethiopia No
97%
German Liechtenstein Yes
97%
Chinese Nepal No
97%
German Poland No
97%
Italian Vatican City Yes
97%
Spanish Argentina Yes
94%
German Austria Yes
94%
Arabic Azerbaijan No
94%
Portuguese Brazil Yes
94%
English Canada Yes
94%
Spanish Colombia Yes
94%
Portuguese Congo No
94%
French Canada Yes
92%
Spanish Cuba Yes
92%
Spanish Haiti No
92%
Arabic Iraq Yes
92%
French Monaco Yes
92%
Arabic Morocco Yes
92%
Chinese Bhutan No
89%
Chinese Laos No
89%
Russian Lithuainia No
89%
French Luxembourg Yes
89%
Chinese Singapore Yes
89%
German Switzerland Yes
89%
Arabic Syria Yes
89%
Swahili Tanzania Yes
89%
Spanish Brazil No
86%
Swahili Mozambique No
86%
Portuguese Angola Yes
83%
French Gambia No
83%
Swahili Kenya Yes
83%
Chinese Mongolia No
83%
Arabic Afghanistan No
81%
Russian Kazakhstan Yes
81%
Portuguese Cape Verde Yes
78%
Spanish Guyana No
78%
Portuguese Mozambique Yes
78%
Italian Switzerland Yes
78%
Russian Tajikistan No
78%
Swahili Uganda Yes
78%
Swahili Zambia No
78%
Portuguese East Timor Yes
75%
English India Yes
75%
Arabic Iran No
75%
German Belgium Yes
72%
German Luxembourg Yes
72%
Italian Malta No
72%
Russian Uzbekistan No
72%
Portuguese Guinea Bissau Yes
67%
Swahili Burundi No
64%
French Central African Republic Yes
64%
Spanish Equatorial Guinea Yes
64%
English Malta Yes
64%
Spanish Trinidad No
64%
Russian Kyrgyzstan Yes
56%
French Madagascar Yes
56%
French Djibouti Yes
53%
Arabic Israel No
53%
French Comoros Yes
50%
Arabic Djibouti Yes
47%
Russian Ukraine No
47%
Swahili Rwanda Yes
44%
English Pakistan Yes
39%
Swahili DRC Yes
31%
English United States No
31%
English Malaysia Yes
22%
English Brunei Yes
19%
English Burundi Yes
14%
Chinese South Korea Yes
6%
No matching quizzes found
Score Distribution
Percent of People with Each Score
Percentile by Number Answered
Your Score History
You have not taken this quiz